| 000 | 01314nam a2200265Ia 4500 | ||
|---|---|---|---|
| 001 | 16106 | ||
| 003 | GE_BSU | ||
| 008 | 181216s||||||||xx |||||||||||||| ||und|| | ||
| 020 | _a978-9941-9350-5-3 | ||
| 040 | _cGE_BSU | ||
| 080 | _a93/94(076.3) + 371.277.2 | ||
| 100 | _aფირჩხაძე, მაია | ||
| 245 | _aისტორია | ||
| 245 | _bმოვემზადოთ მასწავლებელთა სასერტიფიკაციო გამოცდებისთვის. მეთოდური ტესტები და სავარჯიშოები : ისტორიის მასწავლებლებისათვის | ||
| 250 | _aმე-2 გამოცემა | ||
| 260 | _aთბილისი | ||
| 260 | _bუსტარი | ||
| 260 | _c2014 | ||
| 300 | _a111 გვ. : ილ. ; 27 სმ. | ||
| 541 | _h6ლ. | ||
| 653 | _aისტორია | ||
| 653 | _aისტორია - პროგრამები; ისტორია - ტესტები; ისტორია - სავარჯიშოები; | ||
| 653 | _aმოვემზადოთ მასწავლებელთა სასერტიფიკაციო გამოცდებისთვის | ||
| 942 | _cBK | ||
| 999 |
_c49195 _d49195 |
||